<?xml version="1.0" encoding="UTF-8"?>
<record
    xmlns:xsi="http://www.w3.org/2001/XMLSchema-instance"
    xsi:schemaLocation="http://www.loc.gov/MARC21/slim http://www.loc.gov/standards/marcxml/schema/MARC21slim.xsd"
    xmlns="http://www.loc.gov/MARC21/slim">

  <leader>00561nam a22001817a 4500</leader>
  <controlfield tag="003">UA-OsUOA</controlfield>
  <controlfield tag="001"> 18728 </controlfield>
  <controlfield tag="007">ta</controlfield>
  <controlfield tag="008">20040607b un ||||| |||| 00| 0 ukr d</controlfield>
  <datafield tag="100" ind1=" " ind2=" ">
    <subfield code="a">&#x425;&#x43C;&#x435;&#x43B;&#x44C;&#x43E;&#x432;&#x441;&#x44C;&#x43A;&#x438;&#x439; &#x42E;.</subfield>
  </datafield>
  <datafield tag="942" ind1=" " ind2=" ">
    <subfield code="c">SA</subfield>
  </datafield>
  <datafield tag="040" ind1=" " ind2=" ">
    <subfield code="a">UA-OsUOA</subfield>
    <subfield code="c">UA-OsUOA</subfield>
    <subfield code="d">UA-OsUOA</subfield>
  </datafield>
  <datafield tag="245" ind1=" " ind2=" ">
    <subfield code="a">&#x415;&#x43A;&#x441;&#x43A;&#x443;&#x440;&#x441; &#x432; &#x456;&#x441;&#x442;&#x43E;&#x440;&#x456;&#x44E; &#x434;&#x43E;&#x441;&#x43B;&#x456;&#x434;&#x436;&#x435;&#x43D;&#x43D;&#x44F; [&#x430;&#x437;&#x430;&#x43B;&#x456;&#x457; &#x43F;&#x43E;&#x43D;&#x442;&#x456;&#x439;&#x441;&#x44C;&#x43A;&#x43E;&#x457;]</subfield>
  </datafield>
  <datafield tag="300" ind1=" " ind2=" ">
    <subfield code="a">&#x421;.3</subfield>
  </datafield>
  <datafield tag="955" ind1=" " ind2=" ">
    <subfield code="a">0</subfield>
  </datafield>
  <datafield tag="773" ind1="0" ind2=" ">
    <subfield code="w">0</subfield>
    <subfield code="t">&#x420;&#x43E;&#x43A;&#x438;&#x442;&#x43D;&#x456;&#x432;&#x449;&#x438;&#x43D;&#x430;</subfield>
    <subfield code="d">&#x420;&#x43E;&#x43A;&#x438;&#x442;&#x43D;&#x435;</subfield>
    <subfield code="d">2004</subfield>
    <subfield code="g">&#x2116;37/12 &#x442;&#x440;&#x430;&#x432;./</subfield>
  </datafield>
  <datafield tag="650" ind1=" " ind2="7">
    <subfield code="a">&#x410;&#x437;&#x430;&#x43B;&#x456;&#x44F; &#x43F;&#x43E;&#x43D;&#x442;&#x456;&#x439;&#x441;&#x44C;&#x43A;&#x430;</subfield>
    <subfield code="2">UDC</subfield>
  </datafield>
  <datafield tag="999" ind1=" " ind2=" ">
    <subfield code="c">304899</subfield>
    <subfield code="d">304899</subfield>
  </datafield>
</record>
